Koncepcia adaptívnej poddajnosti a jej využitie na aktívnu polohovú akomodáciu pracovného orgánu robota

Bibliographic Details
Main Author: Chválová, Jana (Author)
Format: Article
Language:Slovak
PhysicalDescription:Sch. 7. Res. slov., rus., angl., lit. 14 zázn. v ruš., angl., nem.
Subjects:

MARC

LEADER 00000nab a2200000 a 4500
001 vtls000398752
003 SK-MaSNL
005 20260302231702.0
008 160204c1989 xo 0 slo
015 |a SNBRA19rr/mm-uuuuu 
035 |a CL0398876 
040 |a SNKBUCL  |b slo  |c SNKBUCL  |e AACR2 
041 0 |a slo 
044 |a xo  |c SK 
080 |a 681.532.8  |2 1981 
080 |a 681.586  |2 1981 
080 |a 62-52  |2 1981 
100 1 |a Chválová, Jana  |4 aut  |9 951428 
245 1 0 |a Koncepcia adaptívnej poddajnosti a jej využitie na aktívnu polohovú akomodáciu pracovného orgánu robota  |c Jana Chválová 
300 |b Sch. 7. Res. slov., rus., angl., lit. 14 zázn. v ruš., angl., nem. 
650 0 7 |a priemyselné roboty  |2 snkbucl  |9 31851 
655 7 |a články zo zborníkov  |2 snkbucl  |9 166140 
773 0 |t Zborník vedeckých prác Vysokej školy technickej v Košiciach 1988/2  |d Bratislava : Alfa, 1989  |g S. 217-228 
850 |a Slovenská národná knižnica v Martine  |a MTA001 
852 |a SNK  |b KIS3GCP 
958 |a NB 
958 |a RK 
992 |a RZB 
999 |c 1539721  |d 1541651